|
|
|
|
| LEADER |
00000nas a2200000 a 4500 |
| 001 |
ssj0012611 |
| 003 |
WaSeSS |
| 005 |
20200512172242.0 |
| 006 |
m d |
| 007 |
cr n |
| 008 |
010306c19279999ksubr pss o 0 a0eng c |
| 010 |
|
|
|a 2005236950
|
| 016 |
7 |
|
|a 100971397
|2 DNLM
|
| 016 |
7 |
|
|a 2047591-3
|2 DE-600
|
| 016 |
7 |
|
|a 017389284
|2 Uk
|
| 022 |
|
|
|a 1937-2337
|l 0022-3360
|y 0022-3360
|
| 030 |
|
|
|a JPALAZ
|
| 035 |
|
|
|a (WaSeSS)ssj0012611
|
| 037 |
|
|
|b BioOne, 21 Dupont Circle, Suite 800, Washington, DC 20036 Charles Street, Baltimore, Maryland 21211
|
| 040 |
|
|
|a BIK
|b eng
|c BIK
|d UV$
|d OCLCQ
|d WCM
|d OCLCQ
|d F#A
|d MUQ
|d EYM
|d HUL
|d EEM
|d GOSCI
|d NSD
|d DLC
|d OCLCQ
|d DLC
|d OCLCF
|d AU@
|d OCLCE
|d FJM
|d OCLCQ
|d DEBBG
|d GILDS
|d NLE
|d OCLCO
|d UKMGB
|d VT2
|d IBK
|d OCLCO
|d WaSeSS
|
| 042 |
|
|
|a pcc
|a nsdp
|
| 050 |
1 |
4 |
|a QE701
|b .J6874
|
| 082 |
1 |
0 |
|a 560
|2 13
|
| 130 |
0 |
|
|a Journal of paleontology (Online)
|
| 210 |
0 |
|
|a J. paleontol.
|b (Online)
|
| 222 |
|
0 |
|a Journal of paleontology
|b (Online)
|
| 245 |
1 |
0 |
|a Journal of paleontology
|h [electronic resource].
|
| 260 |
|
|
|a Ft. Worth, Tex. :
|b Society of Economic Paleontologists and Mineralogists,
|c 1927-
|
| 310 |
|
|
|a Bimonthly,
|b 1938-
|
| 321 |
|
|
|a Quarterly,
|b 1927-1934
|
| 321 |
|
|
|a 8 issues per year,
|b 1935-1937
|
| 362 |
0 |
|
|a Vol. 1, no. 1 (July 1927)-
|
| 500 |
|
|
|a Title from title screen (JSTOR, viewed May 11, 2005).
|
| 500 |
|
|
|a Place of publication varies.
|
| 506 |
|
|
|a License restrictions may limit access.
|
| 538 |
|
|
|a Mode of access: World Wide Web.
|
| 550 |
|
|
|a Published by: Society of Economic Paleontologists and Mineralogists, 1935-1985; the Paleontological Society, 1986-
|
| 588 |
|
|
|a Latest issue consulted: Vol. 79, no. 6 (Nov. 1, 2005) (GeoScienceWorld, viewed Dec. 2, 2005).
|
| 650 |
|
0 |
|a Fossils
|x Classification
|v Periodicals.
|
| 650 |
|
0 |
|a Paleontology
|v Periodicals.
|
| 650 |
|
6 |
|a Paléontologie
|v Périodiques.
|
| 650 |
|
7 |
|a Fossils
|x Classification.
|2 fast
|0 (OCoLC)fst00933167
|
| 650 |
|
7 |
|a Paleontology.
|2 fast
|0 (OCoLC)fst01051513
|
| 650 |
1 |
7 |
|a Paleontologie.
|2 gtt
|
| 655 |
|
0 |
|a Electronic journals.
|
| 710 |
2 |
|
|a Society of Economic Paleontologists and Mineralogists.
|
| 710 |
2 |
|
|a Paleontological Society.
|
| 770 |
0 |
|
|t Paleontological monograph (Online)
|x 2327-946X
|w (DLC) 2005236960
|w (OCoLC)60339748
|
| 770 |
0 |
|
|t Memoir (Paleontological Society : Online)
|w (DLC) 2005236955
|w (OCoLC)60339747
|
| 776 |
1 |
|
|t Journal of paleontology
|x 0022-3360
|w (DLC)gs 28000114
|w (OCoLC)1754714
|
| 856 |
4 |
0 |
|z Full text available from Research Library: 09/01/1997 to 1 year ago
|u https://search.proquest.com/publication/1138
|